Genoveva de Brabante / (Registro nro. 8660)

Detalles MARC
000 -LIDER
fixed length control field 00685nam a22002657a 4500
001 - NÚMERO DE CONTROL
Identificador de número de control 0113
003 - IDENTIFICACDOR DE NÚMERO DE CONTROL
control field DO-SdBNP
005 - DATE AND TIME OF LATEST TRANSACTION
control field 20151112143415.0
007 - CAMPOS FIJOS DE DESCRIPCIÓN FÍSICA
fixed length control field 0113
008 - ELEMENTOS DE LONGITUD FIJA
fixed length control field 151005b1986 sp 00| 0 spa d
040 ## - FUENTE DE CATALOGACIÓN
Agencia que crea de manera original el registro BPMSU
Idioma de catalogación spa
Agencia que realiza la transcripción BPMSU
092 ## - LOCALLY ASSIGNED DEWEY DECIMAL CALL NUMBER
Número de clasificación XXXX
Número de ítem (Cutter) XXXX
100 1# - ASIENTO PRINCIPAL -- NOMBRE PERSONAL
Nombre personal Schmid, J. C.
240 10 - TITULO UNIFORME
Título uniforme Genevieve von brabant /
Idioma de una obra gw
245 10 - MENCIÓN DE TITULO
Título Genoveva de Brabante /
Mención de responsabilidad J. c. Schmid ; ilustraciones Ma. Barrera Castell
250 ## - MENCIÓN DE EDICION
Mención de edición 2a. ed.
260 ## - PUBLICACIÓN, DISTRIBUCIÓN, ETC. (PIE DE IMPRENTA)
Lugar de publicación, distribución, etc Barcelona :
Nombre del editor, distribuidor, etc. Bruguera,
Fecha de publicación, distribución, etc 1986.
300 ## - DESCRIPCIÓN FÍSICA
Extensión 223 p. :
Otros detalles físicos il.
Dimensiones 13 cm.
490 1# - MENCIÓN DE SERIES
Mención de serie Bruguera
Volume/sequential designation 33
700 12 - ASIENTO SECUNDARIO -- NOMBRE PERSONAL
Nombre personal Barrera Castell, Ma.
Mención de responsabilidad il.
830 #0 - ASIENTO SECUNDARIO DE SERIE--TÍTULO UNIFORME
Título uniforme Bruguera
Número de la parte o sección de una obra 33
910 ## - VALIDACIÓN
Validación 202
942 ## - ADDED ENTRY ELEMENTS (KOHA)
Source of classification or shelving scheme Dewey Decimal Classification
Koha item type Libros
956 ## - LOCAL ELECTRONIC LOCATION AND ACCESS (OCLC)
Nombre de host Yngrid Lockward
Existencias
Withdrawn status Lost status Source of classification or shelving scheme Damaged status Not for loan Collection code Home library Current library Date acquired Source of acquisition Total Checkouts Barcode Date last seen Price effective from Koha item type
    Dewey Decimal Classification       Biblioteca Pública Metropolitana Salomé Ureña Biblioteca Pública Metropolitana Salomé Ureña 11/12/2015 Donación   BPMET15110210 11/12/2015 11/12/2015 Libros